000
00265nam a22001217a 4500
008
181024b xxu||||| |||| 00| 0 eng d
041
_a
eng
080
_a
617
100
_a
8
101
_a
ORT
245
_a
Orthopaedic Biomechanics
_c
Frankel,V.H
942
_2
udc
_c
BK
999
_c
50832
_d
50832